| 000 | 00596nam a2200205Ii 4500 | ||
|---|---|---|---|
| 001 | 7674 | ||
| 003 | CO-ViMGA | ||
| 008 | 241108s9999||||xx |||||||||||||| ||und|| | ||
| 040 |
_aCO-ViMGA _bspa _erda _cCO-ViMGA |
||
| 041 | 0 | _aunk | |
| 082 | 0 | 4 | _aC-J61 |
| 100 | 1 |
_aBernardo Jímenez Montellano _953746 |
|
| 245 | 1 | 0 | _a<El arca del Angel |
| 264 | 1 | _a[Lugar de publicación no identificado] : Tezontle, 1962 | |
| 300 | _avolumen | ||
| 336 |
_atext _btxt _2rdacontent |
||
| 337 |
_aunmediated _bn _2rdamedia |
||
| 338 |
_avolume _bnc _2rdacarrier |
||
| 940 | _aidficha_siabuc: 7499. -- ficha_no_siabuc:7674 | ||
| 999 |
_c50488 _d50488 |
||